<?xml version="1.0" encoding="UTF-8"?>
<record
    xmlns:xsi="http://www.w3.org/2001/XMLSchema-instance"
    xsi:schemaLocation="http://www.loc.gov/MARC21/slim http://www.loc.gov/standards/marcxml/schema/MARC21slim.xsd"
    xmlns="http://www.loc.gov/MARC21/slim">

  <leader>03530nam a22003257a 4500</leader>
  <controlfield tag="003">DO-SdBNP</controlfield>
  <controlfield tag="005">20210805131730.0</controlfield>
  <controlfield tag="008">210721b  2020 dr a  00| 0 eng d</controlfield>
  <datafield tag="020" ind1=" " ind2=" ">
    <subfield code="a">9789945613711</subfield>
  </datafield>
  <datafield tag="040" ind1=" " ind2=" ">
    <subfield code="a">DO-SdBNP</subfield>
    <subfield code="b">spa</subfield>
    <subfield code="c">BNPHU </subfield>
  </datafield>
  <datafield tag="082" ind1=" " ind2=" ">
    <subfield code="a">305.420951</subfield>
    <subfield code="b">S195m 2020</subfield>
    <subfield code="2">22</subfield>
  </datafield>
  <datafield tag="100" ind1="1" ind2=" ">
    <subfield code="a">Sang Ben, Mu-Kien Adriana,</subfield>
    <subfield code="d">1955-</subfield>
  </datafield>
  <datafield tag="245" ind1="1" ind2="0">
    <subfield code="a">La mujer china : </subfield>
    <subfield code="b">del dolor a la esperanza /</subfield>
    <subfield code="c">Mu-Kien Adriana Sang Ben ; pr&#xF3;logo I : Ram&#xF3;n Arturo ; pr&#xF3;logo II : Muyien Sang de Su&#xE1;rez ; cuidado de edici&#xF3;n : Daniel Garc&#xED;a.</subfield>
  </datafield>
  <datafield tag="260" ind1=" " ind2=" ">
    <subfield code="a">Santo Domingo : </subfield>
    <subfield code="b">Archivo General de la Naci&#xF3;n, </subfield>
    <subfield code="c">2020.</subfield>
  </datafield>
  <datafield tag="300" ind1=" " ind2=" ">
    <subfield code="a">264 p. :</subfield>
    <subfield code="b">il. ; </subfield>
    <subfield code="c">23 cm. </subfield>
  </datafield>
  <datafield tag="490" ind1="0" ind2=" ">
    <subfield code="a">Archivo General de la Naci&#xF3;n ;</subfield>
    <subfield code="v">401</subfield>
  </datafield>
  <datafield tag="500" ind1=" " ind2=" ">
    <subfield code="a">Incluye datos biogr&#xE1;ficos de la autora en las solapas</subfield>
  </datafield>
  <datafield tag="500" ind1=" " ind2=" ">
    <subfield code="a">Incluye referencias bibliogr&#xE1;ficas y notas al pie de las p&#xE1;ginas.</subfield>
  </datafield>
  <datafield tag="504" ind1=" " ind2=" ">
    <subfield code="a">Bibliograf&#xED;a : p. 257-261</subfield>
  </datafield>
  <datafield tag="505" ind1="0" ind2=" ">
    <subfield code="a">Pr&#xF3;logo I. Desde Panam&#xE1; un hijo de migrantes / Ram&#xF3;n Arturo -- Pr&#xF3;logo II. Una mirada desde la familia / Muyien Sang de Su&#xE1;rez .-- Un pre&#xE1;mbulo necesario -- Primera parte. Exclusi&#xF3;n: bases filos&#xF3;ficas, culturales e hist&#xF3;ricas. Cap&#xED;tulo I. &#xBF;Por qu&#xE9; esa cruel exclusi&#xF3;n y sometimiento? Apuntes para comprender su base filos&#xF3;fica y cultural -- Lijing, el libro de los ritos -- El NE I ZE o El modelo familiar -- Sh&#xEF;j&#xEF;ng, el Libro de la poes&#xED;a. La exclusi&#xF3;n vertida de versos -- Cap&#xED;tulo II. El largo y abrupto camino hacia la libertad -- Se inicia el camino del cambio, 86.-- Las mui tsai, un drama ancestral, 90.-- Grandes obst&#xE1;culos en el camino de la liberaci&#xF3;n, 93.-- El papel de la Federaci&#xF3;n de Mujeres Chinas -- Feminismo y realidad de la mujer china en el siglo XXI -- Segunda parte. Las novelas desnudan la cruda realidad. Cap&#xED;tulo III. El drama novelado, 111.-- Y desde siempre: La soledad, 116.-- La incertidumbre del amor -- Silencio y obediencia -- Los lotos dorados. La poes&#xED;a del infierno -- El matrimonio: el otro camino de la esclavitud -- La pasividad femenina en la creaci&#xF3;n de lluvias y estrellas -- Morir de amor -- La resistencia silenciosa Las laotang y el n&#xFC;shu -- Laotong o las hermanas del alma -- El n&#xFC;shu (&#x5973;&#x4E66;) El lenguaje secreto de las mujeres -- Cap&#xED;tulo IV. La ruptura obligada con el pasado. Voces desde la novela -- La ambici&#xF3;n imperial japonesa -- Las mujeres migran, lloran y recuerdan -- La cultura occidental penetra en China -- Inicia la rebeld&#xED;a contra las tradiciones de exclusi&#xF3;n y sometimiento de la mujer china -- Prosperidad construida y destruida -- La guerra... la huida -- La larga y tr&#xE1;gica huida hacia un sue&#xF1;o irreal -- La llegada: la sorpresa, el estigma y el rechazo -- El drama, el dolor y los secretos de las mujeres migrantes -- Secretos de la otra vida -- Los conflictos con los frutos de sus vientres -- Cap&#xED;tulo V. Desde la profundidad de mi alma -- Anexos. Anexo I. Explorando mis ra&#xED;ces, Julia Hern&#xE1;ndez Sang -- Anexo II. Festividades chinas -- Comienza el Festival de la primavera -- Celebraciones de vida y muerte -- Referencias -- Bibliogr&#xE1;ficas -- Hemerogr&#xE1;ficas -- Internet.</subfield>
  </datafield>
  <datafield tag="590" ind1=" " ind2=" ">
    <subfield code="a">Inventariado, 2021 /VM

</subfield>
  </datafield>
  <datafield tag="650" ind1=" " ind2="4">
    <subfield code="a">Mujeres</subfield>
    <subfield code="x">Condiciones sociales </subfield>
    <subfield code="z">China</subfield>
    <subfield code="v">Ensayos, conferencias, etc..</subfield>
  </datafield>
  <datafield tag="650" ind1=" " ind2="4">
    <subfield code="a">Mujeres en el desarrollo </subfield>
    <subfield code="z">China </subfield>
    <subfield code="v">Ensayos, conferencias, etc..</subfield>
    <subfield code="x"> </subfield>
  </datafield>
  <datafield tag="651" ind1=" " ind2="4">
    <subfield code="a">China </subfield>
    <subfield code="x">Emigraci&#xF3;n e inmigraci&#xF3;n</subfield>
  </datafield>
  <datafield tag="700" ind1="1" ind2=" ">
    <subfield code="a">Ram&#xF3;n Arturo,</subfield>
    <subfield code="e">pr&#xF3;logo I</subfield>
  </datafield>
  <datafield tag="700" ind1="1" ind2=" ">
    <subfield code="a">Sang de Su&#xE1;rez, Muyien,</subfield>
    <subfield code="e">pr&#xF3;logo II</subfield>
  </datafield>
  <datafield tag="700" ind1="1" ind2=" ">
    <subfield code="a">Garc&#xED;a, Daniel,</subfield>
    <subfield code="e">cuidado de edici&#xF3;n</subfield>
  </datafield>
  <datafield tag="910" ind1=" " ind2=" ">
    <subfield code="a">VMateo V. </subfield>
  </datafield>
  <datafield tag="942" ind1=" " ind2=" ">
    <subfield code="2">ddc</subfield>
    <subfield code="c">BK</subfield>
  </datafield>
  <datafield tag="952" ind1=" " ind2=" ">
    <subfield code="0">0</subfield>
    <subfield code="1">0</subfield>
    <subfield code="2">ddc</subfield>
    <subfield code="4">0</subfield>
    <subfield code="7">0</subfield>
    <subfield code="8">CD</subfield>
    <subfield code="a">BPMET</subfield>
    <subfield code="b">BPMET</subfield>
    <subfield code="d">2021-08-05</subfield>
    <subfield code="e">AGN</subfield>
    <subfield code="l">0</subfield>
    <subfield code="o">BPMSU CD 305.420951 S195m 2020</subfield>
    <subfield code="p">BPMSU21080020</subfield>
    <subfield code="r">2021-08-05</subfield>
    <subfield code="w">2021-08-05</subfield>
    <subfield code="y">BK</subfield>
  </datafield>
  <datafield tag="952" ind1=" " ind2=" ">
    <subfield code="0">0</subfield>
    <subfield code="1">0</subfield>
    <subfield code="2">ddc</subfield>
    <subfield code="4">0</subfield>
    <subfield code="7">0</subfield>
    <subfield code="8">CD</subfield>
    <subfield code="a">BPMET</subfield>
    <subfield code="b">BPMET</subfield>
    <subfield code="d">2025-11-26</subfield>
    <subfield code="l">0</subfield>
    <subfield code="o">BPMSU CD 305.420951 S195m 2020</subfield>
    <subfield code="p">BPMSU25110106</subfield>
    <subfield code="r">2025-11-26</subfield>
    <subfield code="t">e.2</subfield>
    <subfield code="w">2025-11-26</subfield>
    <subfield code="y">BK</subfield>
  </datafield>
  <datafield tag="999" ind1=" " ind2=" ">
    <subfield code="c">13629</subfield>
    <subfield code="d">13629</subfield>
  </datafield>
</record>
